00522nam a22001937a 4500003000500000005001700005008004100022010001000063011001000073035001000083040000900093110005500102245004700157260004000204300001000244490002600254650002200280830002600302CHAP20220329135640.0971013s1966 r 00010 d a39901 a40873 a44999 cCHAP aE.U.A. Department of Housing and Urban Development aEconomic factors in urban planning studies aWashington :bThe Department,c1966 a40 p. aTechnical guidev; 2014aUrbanismoxE.U.A.0 aTechnical guidev; 20